Ben Hur

Збережено в:
Бібліографічні деталі
Автор: Wallace, Lewis (Автор)
Формат: Книга
Мова:Іспанська
Опубліковано: Santiago Publicaciones Lo Castillo 1985
Серія:Biblioteca escolar apuntes, 3
Предмети:
Теги: Додати тег
Немає тегів, Будьте першим, хто поставить тег для цього запису!

MARC

LEADER 00000nam a2200000 a 4500
001 UCW5448
003 CL-VaPUC
008 910423e19850000CL |||||||||||||||||spa|d
082 0 4 |a 813  |b WAL  |2 21 
100 0 |a Wallace, Lewis  |e author  |9 310440 
245 1 0 |a Ben Hur 
300 |a 125 p 
942 |c BK 
945 |d 19910423 00:00:00 
260 |a Santiago  |b Publicaciones Lo Castillo  |c 1985 
650 0 |a Novelas estadounidenses  |9 265217 
583 |a last modification  |c 19910423 00:00:00  |k Rodrigo Vera 
490 0 |a Biblioteca escolar apuntes, 3 
999 |c 218888  |d 218886 
952 |0 0  |1 0  |4 0  |6 813_000000000000000_WAL_1985  |7 0  |8 A  |9 209190  |a BIBEDU  |b BIBEDU  |d 2019-11-15  |i 2769808  |o 813 WAL 1985  |p 2769808  |r 2019-11-15  |w 2019-11-15  |y BK  |k EDU